(Ne)dostupný /

Román australské autorky vypráví milostný příběh, který je už v okamžiku vzniku odsouzen k zániku.

Uloženo v:
Hlavní autor: Gray, Madeleine, 1994- (Autor)
Další autoři: Medková, Karolina (Autor)
Médium: Kniha
Jazyk:Czech
Vydáno: Praha : Cosmopolis, 2026
Vydání:První vydání
Témata:
Celkem bylo vypůjčeno:0x
Tagy:
Žádné tagy
LEADER 02111nam a2200409 i 4500
001 106688
003 CZ PrNK
005 20260701104027.0
007 ta
008 260623s2026 xr g 000 f cze
015 |a cnb003765745 
020 |a 9788027160921  |q (brožováno) :  |c Kč 399,00 
040 |a ABG001  |b cze  |e rda 
041 1 |a cze  |h eng 
072 7 |a 821.111-3  |x Anglická próza, anglicky psaná  |2 Konspekt  |9 25 
080 |a 821.111(94)-31  |2 MRF 
080 |a (0:82-31)  |2 MRF 
100 1 |a Gray, Madeleine,  |d 1994-  |7 xx0346963  |4 aut  |9 117542 
240 1 0 |a Green dot.  |l Česky 
245 1 0 |a (Ne)dostupný /  |c Madeleine Gray ; přeložila Karolina Medková 
246 3 |a Nedostupný 
250 |a První vydání 
264 1 |a Praha :  |b Cosmopolis,  |c 2026 
300 |a 350 stran ;  |c 21 cm 
336 |a text  |b txt  |2 rdacontent 
337 |a bez média  |b n  |2 rdamedia 
338 |a svazek  |b nc  |2 rdacarrier 
500 |a Přeloženo z angličtiny 
520 2 |a Román australské autorky vypráví milostný příběh, který je už v okamžiku vzniku odsouzen k zániku.  |b Hera hledá své místo ve světě, po letech studia ale pořád bydlí s tátou a k večeři jí kupované ravioly. Když už jí nic jiného nezbyde, vydá se do chřtánu pracovního procesu a po pár tragikomických pokusech získá podřadné místo v mediálním domě. Když už se zdá být vše ztraceno v ubíjející každodennosti, začne si se starším kolegou a vypadá to, že by své místo mohla najít po jeho boku. Bude jí ale vyhovovat role milenky? Vrstevnatý, psychologicky propracovaný milostný příběh vyprávěný z pohledu milenky ženatého muže. Nakladatelská anotace. 
655 7 |a australské romány  |7 fd131842  |2 czenas  |9 53446 
655 9 |a Australian fiction  |2 eczenas 
700 1 |a Medková, Karolina  |7 xx0126769  |4 trl  |9 22610 
710 2 |a Cosmopolis (nakladatelství)  |7 ko20251277653  |4 pbl  |9 117136 
910 |a UOG502 
942 |2 ddc  |c KN 
999 |d 106688 
993 |0 0  |1 421180107413  |2 ddc  |4 0  |7 0  |9 100191  |b 0  |c 107413  |d 2026-07-01  |e 0  |f DOSP  |h 399.00  |i Koupě  |l DOSP  |r 2026-07-02  |t 6  |w 2026-07-01  |y KN  |z BELET  |n